[Event "POL-ch 58th"]
[Site "Warsaw"]
[Date "2001.03.19"]
[Round "2"]
[White "Gajewski, Grzegorz"]
[Black "Kempinski, Robert"]
[Result "0-1"]
[WhiteElo "2344"]
[BlackElo "2543"]
[Annotator "Konikowski,J"]
[PlyCount "124"]
[EventDate "2001.03.18"]
[EventType "tourn"]
[EventRounds "13"]
[EventCountry "POL"]
[EventCategory "11"]
[SourceTitle "CBM 082"]
[Source "ChessBase"]
[SourceDate "2001.05.17"]
[SourceVersion "1"]
[SourceVersionDate "2001.05.17"]
[SourceQuality "1"]

1. e4 {Ernst} c5 2. Nf3 d6 3. d4 cxd4 4. Nxd4 Nf6 5. Nc3 a6 {Ernst: 'Robert
Kempinski always plays the Najdorf variation and he is a great expert.'} 6. Be2
e6 7. O-O Be7 8. f4 Qc7 9. a4 Nc6 10. Be3 O-O 11. Qe1 Na5 (11... Nxd4 {Ernst:
This leads to a standard position in this line.} 12. Bxd4 e5 13. Be3 exf4 14.
Bxf4 Be6 $14) 12. Kh1 (12. Qg3 Nc4 13. Bxc4 Qxc4 14. e5 Ne8 15. Ne4 f6 16. b3
Qd5 17. exf6 Nxf6 18. Nxf6+ Bxf6 19. Rad1 Qa5 20. Nf3 Qc7 21. Rf2 Bd7 22. Rfd2
Bc6 23. Nd4 Bxd4 24. Bxd4 Rf5 25. Bb2 e5 26. Rxd6 exf4 $13 {Klovans,
J-Polugaevsky,L/Yerevan 1975/}) (12. Rd1 Nc4 13. Bc1 e5 14. Nb3 Rb8 15. Qg3 b5
16. axb5 axb5 17. fxe5 dxe5 18. Bh6 Qb6+ 19. Kh1 Nh5 20. Bxh5 Qxh6 21. Nd5 Bg5
22. Be2 Be6 23. Nc5 Ne3 24. Nxe6 Nxf1 25. Bxf1 fxe6 26. Nc7 Bf4 $19 {Davidov,
S-Paresishvili,G/Baku 2000/}) 12... Nc4 13. Bc1 Bd7 $146 {[%mdl 8]} (13... e5
14. Nb3 b6 15. Qg3 Bb7 16. fxe5 Nxe5 17. Bd3 Nh5 18. Qh3 g6 19. Nd4 Ng7 20. Bh6
Qc8 21. Nf5 gxf5 22. Qg3 Ng6 23. exf5 Nh5 24. Qf2 Ne5 25. Be2 Rd8 26. Bxh5 $18
{Marciano,D-Maiwald,J/Karlsruhe 1991/}) (13... Qc5 14. Nb3 Qc7 15. Bd3 Bd7 16.
a5 Rac8 17. Na4 Bd8 18. Nc3 Ne8 19. Qg3 Bf6 20. Re1 Nxb2 21. e5 Nxd3 22. Ne4
Nxe1 23. exf6 Qxc2 24. fxg7 Qxe4 25. gxf8=Q+ Kxf8 {0-1 Thomas,G-Szabo,L/
Hastings 1938/}) 14. b3 Na5 15. Bb2 Nc6 16. Nxc6 (16. Nf3 $1 $14 {Ernst}) 16...
Bxc6 17. Qg3 d5 18. exd5 (18. e5 {Ernst} Ne4 $11) 18... exd5 {'=' Ernst. Ernst:
'Black's isolated pawn is compensated by white's weak squares in the center.'}
19. Bd3 Rfe8 20. Ne2 Bd7 21. Be5 Qb6 22. Nd4 Bf8 23. a5 Qd8 24. c4 {'!?' Ernst.
Ernst: 'A risky winning attempt which involves a piece sacrifice.'} (24. Rad1
$5) 24... Ne4 (24... dxc4 {Ernst} 25. Bxc4 {White has more space.}) 25. Qe3 $2
(25. Bxe4 $142 $5 dxe4 26. Rfd1 f6 27. Nf5 Kh8 (27... Qc8 $2 28. Nh6+ Kh8 29.
Bxf6 $40) 28. Nd6 Bxd6 29. Bxd6 b5 30. axb6 Qxb6 $13) 25... Nc5 $17 26. cxd5
Nxd3 (26... f6 {Ernst The alternative which leads to very interesting
complications.} 27. Bc2 (27. Bc4 {Ernst} fxe5 28. fxe5 Bd6 29. Nf3 Bg4 30. Qg1
{Wins back the piece.} Bxf3 (30... Bf8 {Ernst} 31. Qd4 $44) 31. exd6 Bxg2+ 32.
Qxg2 Qxd6 33. Rae1 $11) 27... fxe5 28. fxe5 Bd6 (28... Qc7 {Ernst} 29. e6 $16)
29. Nf3 $1 (29. Ne6 $5 {Ernst} Bxe6 (29... Nxe6 {Ernst} 30. dxe6 Rxe6 31. Qd3
Qh4 32. exd6 Bc6 33. b4 Rh6 34. h3 Rd8 $11) 30. exd6 (30. dxe6 {Ernst} Rxe6 $17
31. Qh3 Rh6) 30... Bf5 31. Qxc5 Rc8 32. Qf2 Bxc2 33. Qf7+ Kh8 34. d7 $16) 29...
Bg4 30. Ng5 (30. Bxh7+ {Ernst} Kxh7 31. Ng5+ Kg8 32. Nf7 Qe7 $17) 30... Bh5 (
30... Rxe5 {Ernst} 31. Bxh7+ Kh8 32. Nf7+ Kxh7 33. Nxe5 $16) 31. Bxh7+ Kh8 32.
Rf5 {With the threat Qh3. White has a strong attack.} Rxe5 33. Rxe5 Bxe5 34.
Qxe5 $16) 27. Qxd3 f6 {'=/+!' Ernst. Ernst: 'Wins a piece.'} 28. Rfe1 (28. Qg3
{Ernst} fxe5 29. fxe5 Bc5 30. Rad1 Bxd4 31. Rxd4 Qxa5 32. e6 Bb5 33. Re1 Rac8
$1 $17 {Prevents d6 and keeps the edge.} 34. Rde4 Qd2 35. d6 Rc3 36. Qe5 Rc1
37. Rxc1 Qxc1+ 38. Re1 Qd2 $17) 28... Rc8 $2 (28... Bb4 $5 29. Re3 Rc8 $17) 29.
d6 Kh8 (29... fxe5 {Ernst} 30. fxe5 Qh4 $2 {This is premature.} 31. e6 Bxd6 32.
Nf3 Qd8 33. exd7 Qxd7 34. Ng5 g6 35. Qd5+ Kg7 36. Qd4+ Kg8 37. Ne4 $18) 30. b4
fxe5 31. fxe5 Bc6 (31... Be6 32. Nxe6 Rxe6 33. Qd5 Qd7 34. Rac1 $44) (31... Qh4
$2 {Ernst} 32. e6 Bxd6 33. Nf3 Qe7 34. exd7 Qxd7 35. Ng5 g6 36. Qxd6 $18) 32.
Nxc6 Rxc6 33. Qd5 (33. Rad1 {Ernst} Qd7 $13 34. Qf3 Rcc8 35. Re2 g6 $15) 33...
g6 {'?' Ernst. Ernst: 'This is too passive and white soon obtains a winning
position . Black had at least one good alternative.'} (33... Qg5 $1 {Ernst
Black's best chance to play for a win.} 34. Qf3 Qd2 35. Rf1 h6 36. Rad1 Qxb4
37. Rb1 $1 {Forces a draw.} (37. d7 $6 {Ernst} Rd8 38. Qxf8+ Qxf8 39. Rxf8+
Rxf8 40. d8=Q Rxd8 41. Rxd8+ Kh7 42. Kg1 Re6 43. Rd5 Kg6 44. Kf2 Kf5 45. Rd7 g6
46. Rf7+ Kg5 47. Rxb7 Rxe5 $17 {But this could be a draw too.} 48. Ra7 $1 Rxa5)
37... Qd2 (37... Qxa5 {Ernst} 38. d7 $16) 38. Rbd1 $11 (38. Rxb7 $2 {Ernst} Rc1
$17)) (33... Rc7 $6 {Ernst To block the pawns and threaten to give back the
piece.} 34. Rad1 Rd7 35. Rf1 Qh4 36. Rf7 Qd8 37. Rdf1 Qc8 38. Qe6 Rxf7 39. Qxf7
Qb8 40. d7 Rd8 41. e6 Qd6 42. Qe8 $1 Qe7 43. Qxe7 Bxe7 44. Rf7 Bxb4 45. e7 Bxe7
46. Rxe7 Rf8 47. Re8 $18) 34. Rad1 {'©' Ernst.} Qd7 35. Rf1 Bg7 36. Rf7 Qg4 $4
(36... Rxe5 37. Rxd7 Rxd5 38. Rd8+ Bf8 39. Rxf8+ Kg7 40. Rdf1 b5 41. R8f7+ Kh6
42. d7 Rcd6 43. Kg1 Rxd7 44. Rxd7 Rxd7 45. Rf6 Ra7 46. Kf2 Kg5 47. Rc6 Kf4 $11)
37. Rdf1 $2 {[%mdl 16384]} (37. e6 $142 $1 h5 (37... Qxe6 38. Qxe6 Rxe6 39. d7
$18) (37... Qe2 {Ernst} 38. d7 $18) 38. d7 Qxe6 39. d8=Q Rxd8 40. Qxd8+ Kh7 41.
Rxg7+ Kxg7 42. Rd7+ Qf7 (42... Kh6 43. Qf8+ Kg5 44. h4+ Kxh4 45. Rd4+ Kg5 46.
Qf4#) 43. Rxf7+ Kxf7 44. Qd7+ Kf6 45. h4 $18) (37. d7 $1 {Ernst: Here white
probably had two winning lines.} Rd8 38. Re7 Bf8 39. Re8 Rcc8 $1 (39... Rxd7 {
Ernst} 40. Rxf8+ Kg7 41. Qxd7+ Qxd7 42. Rxd7+ Kxf8 43. h3 $18) 40. Rxf8+ Rxf8
41. dxc8=Q Rxc8 $16) 37... Rd8 $2 (37... Qe2 $142 $5 38. e6 (38. d7 {Ernst} Rd8
39. g3 $1 (39. h3 $2 {Ernst: This weakens the diagonal h2-b8.} h5 $1 {
Threatening Bxe5.} (39... Bxe5 $2 {Ernst This loses beautifully.} 40. R7f2 $1 (
40. Rf8+ $2 {Ernst} Rxf8 41. Rxf8+ Kg7 $19) 40... Rd6 41. Qc5 Rd1 42. Rf8+ Kg7
43. Qe7+ Kh6 44. Qh4+ Qh5 45. Qxd8 $18)) 39... h5 $1 (39... Rc2 {Ernst} 40.
R7f2 Qc4 (40... Qxf2 {Ernst} 41. Rxf2 Rxf2 42. e6 Bf6 43. Qxb7 Rb2 44. Qxa6
Rxb4 45. Qd6 Rd4 46. Qc6 $16) 41. Qxc4 Rxc4 42. e6 Re4 43. Rc2 $18) 40. R1f2
Rc1+ 41. Kg2 Qe1 42. Kh3 Rd1 $2 (42... Qxb4 $8 {Ernst} 43. e6 Qg4+ 44. Kg2 h4
45. R2f4 Rc2+ 46. Kg1 Rc1+ $11) 43. Qe6 R1xd7 (43... R8xd7 {Ernst} 44. Qxg6
Qxe5 (44... Rxf7 {Ernst} 45. Qxh5+ Kg8 46. Qxf7+ Kh7 47. Rf5) 45. R2f5 $18) 44.
Qxg6 Qxe5 (44... Rxf7 {Ernst} 45. Qxh5+ Kg8 46. Qxf7+ Kh7 47. Rf5 $18) 45. R7f5
$18) 38... Qxe6 (38... Rxe6 $4 39. d7 Rcd6 40. Qc5 $18) 39. Qxe6 Rxe6 40. Rxb7
(40. d7 {Ernst} Rcd6 $19) 40... Rc8 $11) 38. Rxb7 $1 (38. e6 $2 Rcxd6 39. Qxd6
Rxd6 40. e7 Qc8 41. Rf8+ Bxf8 42. exf8=Q+ Qxf8 43. Rxf8+ Kg7 44. Rf1 b6 $15)
38... Rc2 39. e6 {'?' Ernst.} (39. Re7 $1 {Ernst This still gives white a good
game.} Rf8 (39... Qf4 {Ernst} 40. Qd1 Qe4 41. Qf3 Qxf3 42. gxf3 Re2 43. f4 $16)
(39... Qg5 {Ernst} 40. Rg1 Qf4 41. b5 Re2 42. Qb7 Bxe5 43. Rxh7+ Kg8 44. bxa6
Rb2 45. Qe7 Re8 46. Qxe8+ Kxh7 47. Qd7+ Kg8 48. Qh3 Rb8 49. a7 Rf8 50. d7 Bc7
51. a6 Bd6 52. g3 $16) 40. Rg1 Qxb4 41. Rf7 (41. e6 $2 {Ernst} Rd2 $19) 41...
Rxf7 42. Qxf7 Rc8 43. Qd5 Qf4 44. e6 (44. d7 {Ernst} Rd8 45. e6 Be5 46. g3 Qg5
47. Re1 Bf6 48. Qd6 $11) 44... Rc1 45. Qa8+ Bf8 46. e7 $1 {Again best.} (46. d7
$2 {Ernst} Rxg1+ 47. Kxg1 Kg7 48. Qd5 $1 (48. Qf3 $2 {Ernst} Qxf3 49. gxf3 Be7
50. Kf2 Kf6 $19) 48... Qc1+ 49. Kf2 Qc5+ 50. Qxc5 Bxc5+ 51. Kf3 Be7 52. Ke4 Kf6
53. Kd5 Bd8 54. Kd6 Bxa5 $19) 46... Rxg1+ 47. Kxg1 Qd4+ 48. Kf1 Qd3+ 49. Kf2
Qd2+ 50. Kf3 Qd3+ 51. Kf2 (51. Kg4 $4 {Ernst} h5+ 52. Kh4 Qd4+ 53. Kg5 Qg4+ 54.
Kf6 Qf5#) 51... Qd2+ $11) 39... Qe2 40. Rbf7 $2 (40. Rg1 $142 $18) 40... Rd2
41. Qg5 $2 (41. e7 $142 $5 Rg8 42. Qf3 (42. Qb7 {Ernst} Rd1 $1 (42... Rxd6 $2 {
Ernst} 43. Rf8 $18) 43. Qf3 Qxf3 44. R7xf3 Rxd6 45. Rf8 Re6 46. R8f7 Bc3 47. b5
axb5 $19) 42... Qxf3 43. R1xf3 Rd1+ 44. Rf1 Rxd6 45. g4 $44) 41... R2xd6 {
'-/+' Ernst.} 42. e7 (42. Qe7 {Ernst} Rd1 $19) 42... Rg8 {'!' Ernst. Ernst:
'Avoids the following trap.'} (42... Re8 $2 {Ernst} 43. Qf4 $1 $18 (43. Rf8+ {
Ernst} Bxf8 44. exf8=Q+ Rxf8 45. Rxf8+ Kg7 $19)) 43. Qf4 Rd1 44. h3 Rxf1+ $19
45. Qxf1 Qxf1+ 46. Rxf1 Re8 47. Rd1 Bf6 48. Rd6 Bxe7 49. Rxa6 Bxb4 50. Kh2 Re3
51. g4 Ra3 52. Ra8+ Kg7 53. a6 Kh6 54. Kg2 Be7 55. Ra7 Bh4 56. Ra8 Rg3+ 57. Kh2
Rf3 58. Kg2 Rf2+ 59. Kg1 Ra2 60. Kh1 (60. Kf1 Kg5 61. Ra7 Bg3 (61... h6 $5) 62.
Rxh7 Rxa6 $19) 60... Kg5 61. Kg1 Kf4 62. Rh8 (62. Rb8 Bg5 $1) 62... Kf3 (62...
Kf3 63. Rf8+ Kg3 $19) 0-1

[Event "Warsaw"]
[Site "Warsaw"]
[Date "1995.??.??"]
[Round "?"]
[White "Macieja, Bartlomiej"]
[Black "Schmidt, Wlodzimierz"]
[Result "1/2-1/2"]
[WhiteElo "2440"]
[BlackElo "2475"]
[Annotator "Konikowski,J"]
[PlyCount "74"]
[EventDate "1995.??.??"]
[EventType "game"]
[EventRounds "1"]
[EventCountry "POL"]
[SourceTitle "CBM 047"]
[Source "ChessBase"]
[SourceDate "1995.08.01"]
[SourceVersion "1"]
[SourceVersionDate "1995.08.01"]
[SourceQuality "1"]

1. e4 c5 2. Nf3 e6 3. d4 cxd4 4. Nxd4 Nc6 5. Nc3 Qc7 6. Be3 a6 7. Be2 Nf6 8.
O-O d6 9. f4 Be7 10. Qe1 O-O 11. Qg3 Nxd4 12. Bxd4 b5 13. a3 Bb7 14. Bd3 e5 (
14... g6 $2 15. f5 Rae8 16. Qh3 gxf5 17. Qh6 e5 18. Rxf5 Ng4 19. Qh3 exd4 20.
Nd5 Qd7 21. e5 Kh8 22. Rh5 f5 23. e6 {1-0 Balaschow-Andersson/Wijk aan Zee/
1973/}) 15. fxe5 Nh5 16. Qf2 (16. Qe3 dxe5 17. Bb6 Qd6 18. Kh1 Nf4 19. Rfd1 Qg6
20. Bf1 Bg5 21. Qc5 Rfe8 22. Re1 Re6 $36 {Garcia,G-Andersson/Camaguey/1974/})
16... dxe5 17. Bb6 Qd6 18. Rad1 Nf4 19. Be3 b4 $1 (19... Nxd3 20. Rxd3 Qe6 21.
Nd5 $16) 20. axb4 Qxb4 21. Bxf4 exf4 22. Qxf4 Qxb2 23. Nd5 Qd4+ 24. Kh1 Bxd5
25. exd5 Qxf4 26. Rxf4 Bd6 27. Ra4 Rfc8 28. Rda1 Rc5 29. Ra5 (29. c4 a5 $10)
29... Rxa5 30. Rxa5 Bb4 31. Rxa6 Rxa6 32. Bxa6 f5 33. Bc8 g6 34. g3 Kf7 35. Kg2
Kf6 36. Kf3 Ke5 37. Be6 g5 1/2-1/2

[Event "EU-ch 2nd"]
[Site "Ohrid"]
[Date "2001.06.07"]
[Round "7"]
[White "Asrian, Karen"]
[Black "Georgiev, Kiril"]
[Result "1-0"]
[WhiteElo "2582"]
[BlackElo "2676"]
[Annotator "Kostakiev,D"]
[PlyCount "167"]
[EventDate "2001.06.01"]
[EventType "swiss"]
[EventRounds "13"]
[EventCountry "YUG"]
[SourceTitle "CBM 084"]
[Source "ChessBase"]
[SourceDate "2001.09.13"]
[SourceVersion "1"]
[SourceVersionDate "2001.09.13"]
[SourceQuality "1"]

1. e4 c5 2. Nf3 d6 3. d4 cxd4 4. Nxd4 Nf6 5. Nc3 a6 6. Be2 (6. Be3) 6... e6 7.
O-O Be7 8. a4 Nc6 9. Be3 O-O 10. f4 Qc7 11. Kh1 Re8 {Made in Bulgaria /1973/
by gm. Ermenkov - one of the bigest experts on the Sheveningen. In this game
my friend the Bulgarian super grandmaster Kiril Georgiev seems was not in the
course of the last investigations. It means that a lot of strong chess people
are not - too. We shall try to make a brief survey on the opening developement
of this variation.} 12. Bf3 {Stohl: 'At least since the Kasparov-Anand match
in 1995 this is White's main try, it has ousted most of the other moves.'''} ({
Brave, but probably dubious is} 12. a5 $6 {Stohl} Nxa5 13. e5 dxe5 {Klovans,
J-Palac,M/Biel MTO/1997/ (23)}) (12. Qe1 Nxd4 13. Bxd4 e5 14. fxe5 (14. Be3
exf4 15. Bxf4 Be6 {1/2-1/2 Tukmakov,V-Ribli,Z/Amsterdam 1974/MCL (19)}) 14...
dxe5 15. Qg3 Bd8 16. Be3 Kh8 17. Bg5 (17. Rad1 Be6 18. Bf3 {1/2-1/2 Browne,
W-Peters,J/Oberlin 1975/MCD (21)}) 17... Be6 18. Rad1 Be7 (18... Ng8 19. Be3
Nf6 20. Bg5 {1/2-1/2 Tal,M-Andersson,U/Stockholm 1976/MCD (20)}) 19. Bxf6 Bxf6
20. Bg4 Rad8 {Padevsky,N-Ermenkov,E/Varna 1973/EXT 2001 (24)}) (12. Qd2 Bd7 13.
Nb3 b6 {1/2-1/2 Dely,P-Sax,G/HUN-ch 1974/MCD (16)}) (12. Nb3 b6 13. Qe1 Nb4 {
1/2-1/2 Ermenkov,E-Jansa,V/Cienfuegos 1975/EXT 98 (57)}) 12... Bf8 {Stohl:
'This older move has experienced a revival lately, mainly due to the main
Scheveningen guru Kasparov.'''} ({Black has persisting problems with the
former main line} 12... Rb8 {Stohl} 13. g4 $1 {Glek,I-Wilhelmi,C/Biel MTO/1997/
(35)}) (12... Na5 {Stohl} 13. g4 $1 Bf8 $5 (13... Nd7 14. Bg2 Bf8 15. Qe1 {
Anand,V-Topalov,V/Dortmund/1996/ (22)} b6 16. Rd1 Bb7 17. Qh4 Nc6 18. Nde2 $1 {
(Anand) white need to play this move since black idea is to take on d4 an d
then play e5 with a fine position} (18. g5 Nxd4 19. Bxd4 e5 20. Be3 exf4 21.
Qxf4 Ne5 22. Bd4 Bc6 23. b3 b5 24. a5 $11 {D.Kostakiev-S.Romanov cor ol-14 2001
}) 18... Nb4 19. Rd2 Qd8 20. g5 f6 21. Nd4 $1 {[%csl Re6] Anand-Topalov/
Dortmund/1996/1-0/38/ ;CBM 54  . CBM 54-11...Re8 12.Bf3 Na5 13.g4!/Opening
1996/CBM 54/[Anand] (21)}) (13... Nc4 14. Bc1 Bf8 15. g5 Nd7 {0-1 Acs,
P-Kempinski,R/Ohrid MKD 2001/The Week in Chess 345 (37)}) 14. g5 Nd7 15. Bg2 g6
$14 {/<=>~~}) (12... Nxd4 {Stohl} 13. Qxd4 (13. Bxd4 e5 14. Be3 exf4 15. Bxf4
Be6 16. Bh5 {1/2-1/2 Torre,E-Kaplan,J/Cleveland 1975/EXT 99 (16)}) 13... e5 14.
Qd2 exf4 15. Bxf4 Be6 16. Rfd1 Rad8 17. h3 $1 {prevents Ng4 and dooms Black to
passivity, as his N can get to e5 only at the cost of a pawn.} Qc8 {Panchenko,
Al-Sokolov,A/Moscow-ch/1981/ (27)}) (12... Bd7 {is of course also playable,
nevertheless White's attack is still quite unpleasant after} 13. Nb3 b6 14. g4
Bc8 15. g5 Nd7 16. Bg2 Bb7 17. Qh5 $36 {Stohl} (17. Qg4 $5)) 13. Nb3 {'Stohl:
'The most usual reply, which however doesn't promise too much.'''} (13. g4 $5 {
Stohl} Nxd4 14. Bxd4 e5 15. Bg1 exf4 16. g5 Nd7 17. Nd5 Qd8 18. Qd2 $5 (18. Bg2
Re5 19. Rxf4 {1/2,Geller,E-Sokolov,A/Sochi/1983/ (26)}) 18... h6 $2 19. gxh6 g5
20. Qg2 Kh7 21. Bh5 {David,A-Berend,F/BL2W 9899/1998/ (24)}) (13. Qd2 {Stohl}
Na5 14. Qf2 Nc4 15. Bc1 e5 16. Nde2 d5 $1 17. fxe5 Nxe5 18. Bf4 dxe4 19. Nxe4
Qxc2 $5 (19... Nd5 20. Bg3 Qe7 $6 {Sutovskij,E-Kasparov,G/sim Israel/1998/
This game started the wave of popularity of 12...Bf8!?} (20... Qb6 21. Nf6+ $1
Qxf6 22. Bxd5 $14) 21. N2c3 $1) 20. Nxf6+ gxf6 21. Qg3+ {1/2,Lutz,C-Galkin,A/
EU-chT Batumi/1999/ (31)}) (13. Qe1 {Stohl} Nxd4 (13... Na5 14. Rd1 $14) 14.
Bxd4 e5 15. Be3 exf4 16. Bxf4 Be6 $132) (13. Bf2 {Stohl} Nd7 14. Qe2 {1/2,
Kindermann,S-Ribli,Z/Bundesliga 9900/1999/ (26)}) 13... b6 (13... Na5 $5 14.
Nxa5 Qxa5 15. Qd2 $16) 14. a5 {''!' Tiviakov.'} (14. g4 $6 {Stohl}) ({
Dangerous, but seemingly playable for Black is the immediate} 14. e5 {Stohl}
dxe5 15. fxe5 Nd7 16. Bxc6 {1/2,Almasi,Z-Ribli,Z/HUN-chT/1998/ (25)} (16. Nd4
Bb7 $11)) 14... bxa5 {'Tiviakov: 'Stohl: 'The most principled continuation.'''}
(14... b5 $6 15. e5 $16 {(} b4 16. Nb5 axb5 17. Bb6 Qd7 18. exf6 $16 {)}) (
14... Nd7 $143 {Stohl} 15. axb6 Nxb6 16. Qe2 (16. Nb5 axb5 17. Bxb6 Qb8 18.
Rxa8 Qxa8 19. Qd3 e5 $5 {1/2,Yagupov,I-Najer,E/St. Petersburg/1999/ (26)})
16... Bb7 17. Na4 (17. Rfd1 Rac8 18. Na4 Nd7 {<=>,De Firmian,N-Kobalija,M/FIDE
WCh/1999/ (23)}) 17... Nd7 18. c3 Ne7 19. Nd2 {/+/-,De Firmian,N-Ftacnik,L/
Bundesliga 9900/2000/ (28)}) 15. e5 (15. Qd2 Bb7 (15... Rb8 $11) 16. Qf2 Nd7
17. Na4 {1-0 Jakubowski,K-Palus,R/Zakopane 2000/CBM 78 ext (33). (32)}) 15...
dxe5 16. fxe5 Nd5 $6 (16... Rd8 {Stohl: 'This new move is connected with an
exchange sacrifice.''} 17. Nd4 (17. Qe2 $6 {Stohl}) 17... Nxd4 $1 {0-1
Marjanovic,S-Belov,V/Ano Liosia 2001/CBM 79 ext (35) Tiviakov: ''!?'; 'Stohl:
'Seems also best.''} (17... Nd5 18. Bg5 $16 (18. Nxd5 exd5 19. Bg5 $16 {
1-0 Hansen,S-Astrom,R/Sweden 1999/CBM 73 ext (31)}) (18. Bxd5) (18. Nxc6 {Stohl
} Qxc6)) (17... Bb7 {Stohl} 18. Bxc6 $5 (18. exf6 Nxd4 {-18.Bd4}) 18... Bxc6
19. exf6 e5 20. Ne6 $1 fxe6 21. Qg4 $36 {o^f6}) (17... Qxe5 $2 {Stohl} 18. Nxc6
$18)) ({The point of 14.a5!? is best seen after} 16... Nd7 $2 {Stohl} 17. Bxc6
Qxc6 18. Nxa5 Qc7 19. Qf3 $18) 17. Nxd5 exd5 18. Qxd5 Bb7 19. Nxa5 {'Tiviakov:
''+/-!' 'Sion Castro,M-David,A/Pamplona op/1998/''} (19. Bf4 $5 Nd8 (19... Qe7
20. Nxa5 $16) 20. Qd3 $16) 19... Nxa5 (19... Rxe5 $2 20. Bf4 $18) 20. Qxa5 Qc8
$146 (20... Qb8 21. Qa2 Bxf3 22. Rxf3 {1-0 Marjanovic,S-Szabo,G/Bucharest 2000/
CBM 77 (37). (36)} Qb7 23. Bd4 Re6 24. Qb3 {1-0 Marjanovic,S-Szabo,G/Bucharest
2000/CBM 77 (37)}) 21. c3 $16 Bxf3 22. Rxf3 Rb8 23. Qa2 Re6 24. Raf1 Rb7 25.
Bd4 Qc6 26. b4 Rd7 27. Qf2 Qb7 28. h3 Rc7 29. Rf4 Rd7 30. Qg3 Rg6 31. Qf3 Rc6
32. Qe4 Qc8 33. Qf3 (33. Rd1 h6 34. Qf3 $16) 33... Qb7 34. Qe4 (34. Kg1 $16)
34... Qc8 35. Ra1 Re7 36. Rf2 g6 37. Rfa2 Ree6 (37... Rce6 $142 $16) 38. Qd3 (
38. Rf1 Bg7 39. Qd5 $16) 38... h5 $2 39. b5 $18 axb5 40. Qxb5 (40. Ra8 $5 Qd7
41. R1a7 $18) 40... Re8 41. Ra7 Rce6 42. Rf1 (42. Qd5 Qc6 43. c4 $18) 42...
R8e7 $16 43. Rxe7 Rxe7 44. Qd5 Rd7 45. Qa2 Re7 46. Rf6 Re6 47. Rxe6 Qxe6 48.
Qa8 Kg7 49. Qa4 Kh7 50. c4 Bg7 51. Qb5 Qf5 52. c5 Qf4 53. Qb2 Qf1+ 54. Bg1 Qf4
55. Qd4 Qf5 56. Bh2 Qf1+ 57. Qg1 Qc4 58. Qf2 Kg8 59. Qe3 Qd5 (59... h4 60. Bg1
Qe6 61. Qf4 $16) 60. Qc1 Qc6 61. Qc3 (61. Bg3) 61... Bf8 (61... h4 62. Bg1 $16)
62. Bg1 $18 Bg7 63. Qd4 Qe6 64. Qd8+ Kh7 65. Qd6 Qf5 66. e6 $18 fxe6 67. c6 Be5
68. Qd7+ Kh6 69. c7 Bxc7 70. Qxc7 g5 71. Bd4 h4 72. Qg7+ Kh5 73. Be5 Qf1+ 74.
Kh2 Qf5 75. Qh8+ Kg6 76. Qg8+ Kh5 77. Qg7 Qe4 78. Qf7+ Qg6 79. Qxg6+ Kxg6 80.
g4 hxg3+ 81. Kxg3 Kf5 82. Bb2 e5 83. Bc1 e4 84. Be3 1-0